عرض عادي عرض مارك

مدخل Personal Name

عدد التسجيلات المستخدمة في: 1

001 - CONTROL NUMBER

  • control field: 9389

003 - CONTROL NUMBER IDENTIFIER

  • control field: DLC

005 - DATE AND TIME OF LATEST TRANSACTION

  • control field: 20251002105130.0

008 - FIXED-LENGTH DATA ELEMENTS

  • fixed length control field: 890926n| azannaabn |b aaa c

010 ## - LIBRARY OF CONGRESS CONTROL NUMBER

  • LC control number: nr 89012765

035 ## - SYSTEM CONTROL NUMBER

  • System control number: (OCoLC)oca02607784

040 ## - CATALOGING SOURCE

  • Original cataloging agency: NjP
  • Language of cataloging: eng
  • Description conventions: rda
  • Transcribing agency: NjP
  • Modifying agency: OCoLC
  • Modifying agency: NcU

100 1# - HEADING--PERSONAL NAME

  • Personal name: هويدي، يحيي

372 ## - FIELD OF ACTIVITY

  • Field of activity: Philosophy
  • Source of term: lcsh

373 ## - ASSOCIATED GROUP

  • Associated group: Jāmiʻat al-Qāhirah
  • Source of term: naf

374 ## - OCCUPATION

  • Occupation: University and college faculty members
  • Source of term: lcdgt

400 1# - SEE FROM TRACING--PERSONAL NAME

  • Personal name: هويدي، يحي

400 1# - SEE FROM TRACING--PERSONAL NAME

  • Personal name: هويدي، يحيى

500 ## - SEE ALSO FROM TRACING--PERSONAL NAME

  • Personal name: Huwaydī, Yaḥyá

670 ## - SOURCE DATA FOUND

  • Source citation: His Naḥwa al-wāqiʻ, 1986:
  • Information found: t.p. (الدكتور يحيى هويدي، أستاذ الفلسفة بجامعة القاهرة = al-Duktūr Yaḥyá Huwaydī, ustādh al-falsafah bi-Jāmiʻat al-Qāhirah)

700 ## - ESTABLISHED HEADING LINKING ENTRY--PERSONAL NAME

  • Personal name: Huwaydī, Yaḥyá
Cairo University Libraries Portal Implemented & Customized by: Eng. M. Mohamady Contacts: new-lib@cl.cu.edu.eg | cnul@cl.cu.edu.eg
CUCL logo CNUL logo
© All rights reserved — Cairo University Libraries
CUCL logo
Implemented & Customized by: Eng. M. Mohamady Contact: new-lib@cl.cu.edu.eg © All rights reserved — New Central Library
CNUL logo
Implemented & Customized by: Eng. M. Mohamady Contact: cnul@cl.cu.edu.eg © All rights reserved — Cairo National University Library